| 000 | 01555nam2a2200337 4500 | ||
|---|---|---|---|
| 001 | RU\NLR\BIBL_A\010923659 | ||
| 005 | 20250624202051.0 | ||
| 010 |
_a978-5-8041-0807-7 _92000 |
||
| 021 |
_aRU _b2015-92286 _95689 |
||
| 035 | _a(NLR Aleph) 010923659 | ||
| 090 |
_a10689042 _c10689042 |
||
| 100 | _a20151211d2015 |||y0rusy50 ca | ||
| 101 | 0 | _aeng | |
| 102 | _aRU | ||
| 105 | _aac z 000yy | ||
| 200 | 1 |
_aExtremism in Ukrainian politics, society, media, defense and law enforcement _f[auth.: Byshok Stanislav Olegovich, Valyaev Evgeniy Yuryevich, Krugletskiy Oleg Vyacheslavovich, Prostakov Sergey Vadimovich] |
|
| 210 |
_d2015 _aБ. м. |
||
| 215 |
_a255 c., [4] л. цв. ил., портр. _cил. |
||
| 300 | _aАвт. указаны на с. 5 | ||
| 461 | 0 |
_1001RU\NLR\BIBL_A\010944185 _12001#$aExpert report$fPublic diplomacy foundation$vIss. 1 _910761642 _cMoscow _d2015 _fPublic diplomacy foundation _nPublic diplomacy _tExpert report _vIss. 1 |
|
| 541 | 1 | _aЭкстремизм в украинской политике, обществе, СМИ, обороны и правопорядка | |
| 606 | 1 |
_aЭкстремизм _yУкраина _92287763 _3RU\NLR\AUTH\6601598027 |
|
| 686 | 1 | _aФ3(2Ук)12 | |
| 701 | 1 |
_7ba _8rus _aByšok _bS. O. _f1984- _gStanislav Olegovič _9149239 _3RU\NLR\AUTH\770149275 |
|
| 701 | 1 |
_aValjaev _bE. J. _gEvgenij Jur'evič |
|
| 701 | 1 |
_aKrugleckij _bO.V. _gOleg Vjačeslavovič |
|
| 701 | 1 |
_aProstakov _bS.V. _gSergej Vadimovič |
|
| 942 | _cBOOK | ||
| 980 | _aNB | ||